Modern Compressible Flow with Historical Perspective / (Record no. 32458)
[ view plain ]
| 000 -LEADER | |
|---|---|
| fixed length control field | 00453nam a22001817a 4500 |
| 003 - CONTROL NUMBER IDENTIFIER | |
| control field | NUST |
| 020 ## - INTERNATIONAL STANDARD BOOK NUMBER | |
| International Standard Book Number | 0071241361 |
| 038 ## - RECORD CONTENT LICENSOR | |
| Staff Name | khadija |
| 082 ## - DEWEY DECIMAL CLASSIFICATION NUMBER | |
| Classification number | 629.132323 |
| Author Mark | AND |
| 100 ## - MAIN ENTRY--PERSONAL NAME | |
| Personal name | Anderson, John D. |
| 9 (RLIN) | 1520 |
| 245 ## - TITLE STATEMENT | |
| Title | Modern Compressible Flow with Historical Perspective / |
| Statement of responsibility, etc. | John D. Anderson |
| 250 ## - EDITION STATEMENT | |
| Edition statement | 3rd |
| 260 ## - PUBLICATION, DISTRIBUTION, ETC. | |
| Place of publication, distribution, etc. | New York: |
| Name of publisher, distributor, etc. | McGraw Hill; |
| Date of publication, distribution, etc. | 2004. |
| 300 ## - PHYSICAL DESCRIPTION | |
| Extent | 760p, ; |
| Other physical details | 22 cm. |
| 500 ## - GENERAL NOTE | |
| General note | Paperback. |
| 563 ## - BINDING INFORMATION | |
| Binding note | PB |
| 942 ## - ADDED ENTRY ELEMENTS (KOHA) | |
| Koha item type | Book |
| Source of classification or shelving scheme | |
| Withdrawn status | Lost status | Source of classification or shelving scheme | Damaged status | Not for loan | Permanent Location | Current Location | Shelving location | Date acquired | Total Checkouts | Total Renewals | Full call number | Barcode | Checked out | Date last seen | Date last checked out | Price effective from | Koha item type |
|---|---|---|---|---|---|---|---|---|---|---|---|---|---|---|---|---|---|
| School of Mechanical & Manufacturing Engineering (SMME) | School of Mechanical & Manufacturing Engineering (SMME) | General Stacks | 09/28/2015 | 2 | 4 | 629.132323 AND | SMME-1303 | 05/16/2026 | 02/11/2026 | 02/11/2026 | 09/28/2015 | Book |
